Statistics for Guess the Disney Descendants song with no hints

Click here to take the quiz!

General Stats

  • This quiz has been taken 193 times
  • The average score is 250 of 484

Answer Stats

Answer% Correct
I
96%
a
85%
the
81%
The
81%
be
80%
you
80%
You
80%
to
79%
on
74%
it
71%
we
71%
When
70%
when
70%
K
68%
bad
67%
Bad
67%
it’s
64%
It’s
64%
what
64%
and
63%
And
63%
So
63%
is
62%
good
61%
me
61%
Your
61%
your
61%
If
60%
if
60%
all
57%
All
57%
V
57%
way
57%
of
55%
that
55%
us
55%
We’re
53%
were
53%
we’re
53%
know
52%
like
52%
now
52%
They
52%
they
52%
From
51%
from
51%
last
49%
lost
49%
Lost
49%
day
48%
girls
48%
up
48%
best
47%
boys
47%
You’re
47%
you’re
47%
cause
46%
Cause
46%
North
45%
say
45%
East
44%
get
44%
got
44%
wanna
44%
West
44%
South
43%
can
42%
could
42%
streets
42%
time
42%
what’s
42%
Everybody
41%
But
40%
but
40%
chance
39%
change
39%
dance
39%
not
39%
Now’s
39%
now’s
39%
Take
39%
take
39%
Turn
39%
Used
39%
Hit
38%
Auradon
37%
back
37%
Because
37%
Isle
37%
life
37%
today
37%
feet
36%
giving
36%
proof
36%
Remember
36%
steal
36%
Feel
35%
Raise
35%
was
35%
map
34%
Show
34%
side
34%
after
33%
anybody
33%
Anybody
33%
come
33%
everyone
33%
Everyone
33%
gonna
33%
hear
33%
let
33%
named
33%
paved
33%
then
33%
their
32%
can’t
31%
high
31%
shot
31%
V’s
31%
pride
30%
These
30%
this
30%
vibe
30%
VK
30%
make
29%
Make
29%
want
29%
said
27%
see
27%
Well
27%
out
26%
stacks
26%
being
25%
celebrate
23%
here
23%
move
23%
shout
23%
won’t
23%
yet
23%
block
22%
born
22%
elevate
22%
rep
21%
wide
21%
down
20%
forget
20%
loud
20%
our
20%
show’em
20%
Today’s
20%
bow
19%
hesitate
19%
try
19%
asks
18%
moment
18%
waste
18%
happened
17%
jump
17%
outta
17%
Wave’em
17%
ain’t
15%
live
15%
case
14%
hype
14%
place
14%
style
14%
better
13%
makes
12%
bass
11%
deny
11%
reppin
10%
you’d
9%

Score Distribution

Percentile by Number Answered

Percent of People with Each Score

Your Score History

You have not taken this quiz